00706nam a22001935i 4500001000700000003000900007005001700016008004100033080001100074100003900085245008200124260003400206300002900240650003800269700003200307852003200339999001900371952012200390171932ES-MaACL20250814065628.0090609s1967 sp |||| | spa d a91(02)1 aSorre, Maximilien, d1880-910742413aEl hombre en la tierra / cMax Sorre ; [traducción por Francisco Payarols]. aBarcelona : bLabor, c[1967] aXV, 317 p.:il ; c24 cm.17aGeografía humana2embne91361761 aPayarols, Francisco.989715 aES-MaACLjC-33579 9R.64430 c171932d171932 00104070aATENEOMbATENEOMcDEPO2d2009-06-09eSCl0oC-33579p1180437r2023-02-23 00:00:00w2023-02-23yMONOGRAFIA